|
|
|
|
| LEADER |
01504cam a2200433 a 4500 |
| 001 |
nkc20071760923 |
| 003 |
CZ PrNK |
| 005 |
20190807134139.0 |
| 007 |
ta |
| 008 |
071010s2007 xr aef g 000 f cze d |
| 015 |
|
|
|a cnb001760923
|
| 020 |
|
|
|a 978-80-242-1937-0
|q (váz.)
|
| 035 |
|
|
|a (OCoLC)190754071
|
| 040 |
|
|
|a KLG001
|b cze
|d BOA001
|d OLA001
|d ABA001
|
| 041 |
1 |
|
|a cze
|h ger
|
| 072 |
|
7 |
|a 821.112.2-3
|x Německá próza, německy psaná
|2 Konspekt
|9 25
|
| 080 |
|
|
|a 821.112.2-31
|2 MRF
|
| 080 |
|
|
|a (0:82-311.6)
|2 MRF
|
| 080 |
|
|
|a (0:82-312.4)
|2 MRF
|
| 100 |
1 |
|
|a Schätzing, Frank,
|d 1957-
|7 xx0041940
|4 aut
|
| 245 |
1 |
0 |
|a Satan a smrt /
|c Frank Schätzing ; [z německého originálu ... přeložila Zlata Kufnerová]
|
| 250 |
|
|
|a Vyd. 1.
|
| 260 |
|
|
|a V Praze :
|b Knižní klub,
|c c2007
|
| 300 |
|
|
|a 434 s., [2] s. obr. příl. :
|b il., plány ;
|c 24 cm
|
| 500 |
|
|
|a Chronologický přehled
|
| 500 |
|
|
|a Terminologický slovník
|
| 655 |
|
7 |
|a německé romány
|7 fd132945
|2 czenas
|
| 655 |
|
7 |
|a historické romány
|7 fd132414
|2 czenas
|
| 655 |
|
7 |
|a detektivní romány
|7 fd132010
|2 czenas
|
| 655 |
|
9 |
|a German fiction
|2 eczenas
|
| 655 |
|
9 |
|a historical novels
|2 eczenas
|
| 655 |
|
9 |
|a detective novels
|2 eczenas
|
| 765 |
0 |
|
|t Tod und Teufel
|9 Česky
|
| 910 |
|
|
|a BOA001
|b 2-1193.926
|
| 928 |
9 |
|
|a Euromedia Group - Knižní klub
|
| 990 |
|
|
|a BK
|
| 995 |
|
|
|a 01
|
| 991 |
|
|
|b 200711
|
| 996 |
6 |
|
|b 2610323988
|c 2-1193.926
|l MZK
|r Sklad / do 1 hodiny
|n 0
|p p.v.
|w 000873173
|u 000010
|a 1
|e BOA001
|j MZK50
|s P
|